000
00272nam a2200109Ia 4500
008
230907s9999||||xx |||||||||||||| ||und||
082
_a
532.051
_b
PAN
100
_a
Panton, Ronald L.
_9
61105
245
0
_a
Incompressible flow /
300
_a
xviii, 878 pages :
942
_c
BK
999
_c
598862
_d
598862